La muerte del anarquismo

Wedi'i Gadw mewn:
Manylion Llyfryddiaeth
Prif Awduron: Depassier, Víctor (Awdur), Sánchez, Pedro (Awdur), Wichtl, Federico (Awdur), Beck, Gottfried (Awdur)
Awduron Eraill: Paz, Gabriel de la (autor)
Fformat: Llyfr
Iaith:Sbaeneg
Cyhoeddwyd: San Fernando La Provincia 1921
Pynciau:
Tagiau: Ychwanegu Tag
Dim Tagiau, Byddwch y cyntaf i dagio'r cofnod hwn!

MARC

LEADER 00000nam a2200000 a 4500
001 UCP9345
003 CL-VaPUC
008 000324e19210000CL |||||||||||||||||spa|d
082 0 4 |a 320.57  |b DEP  |2 21 
100 0 |a Depassier, Víctor  |e author  |9 439848 
700 0 |a Sánchez, Pedro  |e author  |9 439849 
700 |a Paz, Gabriel de la   |e autor  |9 526931 
700 0 |a Wichtl, Federico  |e author  |9 439851 
700 0 |a Beck, Gottfried  |e author  |9 439852 
245 1 3 |a La muerte del anarquismo 
246 1 3 |a El verdadero peligro 
246 1 3 |a La masonería y las sociedades secretas: un estudio imparcial y documentado 
246 1 4 |a Los grandes crímenes de la masonería 
246 1 4 |a Los protocolos de los sabios de Sion 
246 1 3 |a El comunismo juzgado por sus frutos 
300 |a pag. irreg 
942 |c BK 
945 |d 20000324 00:00:00  |a crobeson 
260 |a San Fernando  |b La Provincia  |c 1921 
600 0 7 |a PARTIDO RADICAL  |2 CL-VaPUC  |9 439853 
650 0 |a Anarquismo  |9 269177 
650 0 |a Ideologías políticas   |9 255735 
650 0 |a Masonería   |9 256238 
650 7 |a SOCIEDADES SECRETAS  |2 CL-VaPUC  |9 321683 
650 0 |a Propaganda política   |9 435732 
650 0 |a Comunismo  |9 255588 
583 |a last modification  |c 20000324 00:00:00  |k Rodrigo Vera 
999 |c 286168  |d 286166 
952 |0 0  |1 0  |4 0  |6 320_570000000000000_DEP_1921  |7 0  |8 X  |9 331652  |a BIBHIS  |b BIBHIS  |d 2019-11-20  |i 1391895  |o 320.57 DEP 1921  |p 1391895  |r 2024-01-30  |w 2019-11-20  |y BK_X  |k HIS